Vyadhikarana (Caturdasa Laksani) of Sri Gangesa upadhyaya/ (Record no. 50432)

000 -LEADER
fixed length control field 00410nam a22001331a 4500
082 ## - DEWEY DECIMAL CLASSIFICATION NUMBER
Classification number S 181.43
Item number GAN/V
100 ## - MAIN ENTRY--PERSONAL NAME
Personal name Gangesa Upadhyaya
9 (RLIN) 148386
245 ## - TITLE STATEMENT
Title Vyadhikarana (Caturdasa Laksani) of Sri Gangesa upadhyaya/
Statement of responsibility, etc. by Gangesa Upadhyaya
260 ## - PUBLICATION, DISTRIBUTION, ETC.
Place of publication, distribution, etc. Thirupathi:
Name of publisher, distributor, etc. Kendriya Sanskrit Vidyapeetha,
Date of publication, distribution, etc. 1985.
300 ## - PHYSICAL DESCRIPTION
Extent 170p.
650 ## - SUBJECT ADDED ENTRY--TOPICAL TERM
Topical term or geographic name entry element Philosophy Nyaya
9 (RLIN) 148387
650 ## - SUBJECT ADDED ENTRY--TOPICAL TERM
Topical term or geographic name entry element Philosophy
9 (RLIN) 148388
942 ## - ADDED ENTRY ELEMENTS (KOHA)
Koha item type Book
Holdings
Withdrawn status Lost status Damaged status Not for loan Permanent Location Current Location Date acquired Cost, normal purchase price Total Checkouts Full call number Barcode Date last seen Cost, replacement price Price effective from Koha item type
        Sree Sankaracharya University of Sanskrit Sree Sankaracharya University of Sanskrit 08.01.2015 23.00   S 181.43 GAN/V 029843 08.01.2015 0.00 08.01.2015 Book
        Sree Sankaracharya University of Sanskrit Sree Sankaracharya University of Sanskrit 08.01.2015 23.00   S 181.43 GAN/V 029844 07.02.2020 0.00 08.01.2015 Book
        Sree Sankaracharya University of Sanskrit Sree Sankaracharya University of Sanskrit 08.01.2015 23.00   S 181.43 GAN/V 029845 08.01.2015 0.00 08.01.2015 Book
        Sree Sankaracharya University of Sanskrit Sree Sankaracharya University of Sanskrit 08.01.2015 23.00   S 181.43 GAN/V 029841 08.01.2015 0.00 08.01.2015 Book
        Sree Sankaracharya University of Sanskrit Sree Sankaracharya University of Sanskrit 08.01.2015 23.00   S 181.43 GAN/V 029842 08.01.2015 0.00 08.01.2015 Book